skbl

Dr Suryya Kumar Bhuyan Library Web-OPAC
ডঃ সূৰ্য্য
কুমাৰ ভূঞা পুথিভঁৰাল ৱেব-অ'পেক

All Research Scholars are advised to clear the annual library fees to continue using Library Resources, Remote Access, Plagiarism Test and Library Clearance.

Cotton University Book Fair 2026

Hindi - Bodo Bartalap Pustika (Record no. 63895)

MARC details
000 -LEADER
fixed length control field 00491nam a2200169Ia 4500
001 - CONTROL NUMBER
control field 62788
008 - FIXED-LENGTH DATA ELEMENTS--GENERAL INFORMATION
fixed length control field 180518n ii |||gr||||Z||||||bed
082 ## - DEWEY DECIMAL CLASSIFICATION NUMBER
Classification number 891.49
110 ## - MAIN ENTRY--CORPORATE NAME
Corporate name or jurisdiction name as entry element Kendriya Hindi Niddasaloi.
Location of meeting New Delhi).
245 #0 - TITLE STATEMENT
Title Hindi - Bodo Bartalap Pustika
Statement of responsibility, etc. Kendriya Hindi Niddasaloi
Medium Textual Documents
250 ## - EDITION STATEMENT
Edition statement Ist Ed - 2009.
260 ## - PUBLICATION, DISTRIBUTION, ETC.
Place of publication, distribution, etc. New Delhi:
Name of publisher, distributor, etc. Kendriya Hindi Niddasaloi.
300 ## - PHYSICAL DESCRIPTION
Extent 133p:
Dimensions 21cm.
653 ## - INDEX TERM--UNCONTROLLED
Uncontrolled term Bodo literature
653 ## - INDEX TERM--UNCONTROLLED
Uncontrolled term G - Bodo
942 ## - ADDED ENTRY ELEMENTS (KOHA)
Source of classification or shelving scheme Dewey Decimal Classification
Koha item type Books
Holdings
Withdrawn status Lost status Damaged status Not for loan Collection Home library Current library Shelving location Date acquired Coded location qualifier Cost, normal purchase price Total checkouts Full call number Barcode Date last seen Copy number Price effective from Koha item type
          Dr. Suryya Kumar Bhuyan Library Dr. Suryya Kumar Bhuyan Library   14/05/2018 00000 55.00   891.49 ke344Hi 1142/Bodo 14/01/2024 1 14/05/2018 Books

Designed and Maintained by Team SKBL
©1901-2026

Powered by Koha